000
00212nam a2200097Ia 4500
008
170619s9999 xx 000 0 und d
100
_a
AWAD
245
0
_a
SYSTEMS ANALYSIS & DESIGN
260
_b
GALGOTIA
260
_c
2010
546
_a
ENGLISH
999
_c
19393
_d
19393